Tom, Irene y los animales domésticos / (Registro nro. 13209)

Detalles MARC
000 -LIDER
fixed length control field 00600nam a22001817a 4500
003 - IDENTIFICACDOR DE NÚMERO DE CONTROL
control field DO-SdBNP
005 - DATE AND TIME OF LATEST TRANSACTION
control field 20171129111718.0
008 - ELEMENTOS DE LONGITUD FIJA
fixed length control field 171129b sp1975||||| |||| 00| 0 spa d
040 ## - FUENTE DE CATALOGACIÓN
Agencia que crea de manera original el registro BPMSU
Idioma de catalogación spa
Agencia que realiza la transcripción BPMSU
100 ## - ASIENTO PRINCIPAL -- NOMBRE PERSONAL
Nombre personal Grée, Alain
245 1# - MENCIÓN DE TITULO
Título Tom, Irene y los animales domésticos /
Mención de responsabilidad Alain Grée ; ilustrado por Gerard Grée bajo la dirección pedagógica de Marguerite Delchet
260 ## - PUBLICACIÓN, DISTRIBUCIÓN, ETC. (PIE DE IMPRENTA)
Lugar de publicación, distribución, etc Barcelona :
Nombre del editor, distribuidor, etc. Juventud,
Fecha de publicación, distribución, etc 1975
300 ## - DESCRIPCIÓN FÍSICA
Extensión 21 p. :
Otros detalles físicos il. ;
Dimensiones 25 cm.
490 ## - MENCIÓN DE SERIES
Mención de serie Panorama ;
-- Tom e Irene
830 ## - ASIENTO SECUNDARIO DE SERIE--TÍTULO UNIFORME
Título uniforme Panorama
Nombre de la parte o sección de una obra Tom e Irene
942 ## - ADDED ENTRY ELEMENTS (KOHA)
Source of classification or shelving scheme Dewey Decimal Classification
Koha item type Libros
945 ## - INFORMACIÓN DE PROCESAMIENTO LOCAL
Información de procesamiento local Inventariado, 2017/MFF

No hay ítems disponibles.